The wireless virus transmitter

Bibliographic Details
Main Author: Kumara Velu
Corporate Author: Title
Format: Book
Published: Selangor : Sama Publications & Distributors , 2006
Series:Innovate science fiction series
Subjects:

MARC

LEADER 00000cam a2200000 7i4500
001 0000002240
005 20151222.0
008 070711
020 |a 9833552110 
090 0 0 |a JF   |b SC ENG (2569) 
100 0 |a Kumara Velu 
245 1 4 |a The wireless virus transmitter   |c Kumara Velu 
260 |a Selangor :   |b Sama Publications & Distributors ,   |c 2006 
440 0 |a Innovate science fiction series 
500 |a Children ages 7-9 years old (orange) 
650 0 |a English fiction 
650 0 |a Readers   |x Science fiction 
710 0 |a Title 
999 |a 0000914504   |b Book   |c Teenagers   |e Cawangan Bandar Tenggara 
999 |a 0000914505   |b Book   |c Teenagers   |e Cawangan Bandar Tenggara 
999 |a 0000917788   |b Book   |c Children Collection   |e Cawangan Bukit Gambir 
999 |a 0000917789   |b Book   |c Children Collection   |e Cawangan Bukit Gambir 
999 |a 0000927405   |b Book   |c Children Collection   |e Cawangan Tangkak 
999 |a 0000927406   |b Book   |c Children Collection   |e Cawangan Tangkak 
999 |a 0000927407   |b Book   |c Children Collection   |e Cawangan Tangkak 
999 |a 0000963312   |b Book   |c Children Collection   |e Cawangan Taman Universiti 
999 |a 0000963313   |b Book   |c Children Collection   |e Perbadanan Perpustakaan Awam Johor 
999 |a 0000982586   |b Book   |c Children Collection   |e Cawangan Mersing 
999 |a 0001147538   |b Book   |c Children Collection   |e Cawangan Mersing 
999 |a 000982587   |b Book   |c Children Collection   |e Cawangan Batu Pahat 
999 |a 00917787   |b Book   |c Children Collection   |e Cawangan Bukit Gambir